| Tag |
First Indicator |
Second Indicator |
Subfields |
| LEADER |
00000cam a2200000 a 4500 |
| 001 |
in00000027050 |
| 005 |
20151007055852.0 |
| 008 |
861202s1987 enka b 00100 eng |
| 010 |
|
|
|a 86031449
|
| 020 |
|
|
|a 0710207220 :
|c £20.00
|
| 020 |
|
|
|a 0710212577 (pbk.) :
|c £8.95
|
| 035 |
|
|
|a (OCoLC)15018124
|
| 035 |
|
|
|9 AAB9497AM
|
| 040 |
|
|
|a DLC
|c DLC
|d TXA
|d UtOrBLW
|
| 043 |
|
|
|a ew-----
|
| 049 |
|
|
|a TXAM
|c [A11087842]
|
| 050 |
0 |
0 |
|a HX238
|b .S6 1987
|
| 082 |
0 |
|
|a 335/.0094
|2 19
|
| 245 |
0 |
0 |
|a Socialism and the intelligentsia, 1880-1914 /
|c edited by Carl Levy.
|
| 264 |
|
1 |
|a London ;
|a New York :
|b Routledge & Kegan Paul,
|c 1987.
|
| 300 |
|
|
|a xiii, 301 pages :
|b illustrations ;
|c 22 cm.
|
| 336 |
|
|
|a text
|b txt
|2 rdacontent
|
| 337 |
|
|
|a unmediated
|b n
|2 rdamedia
|
| 338 |
|
|
|a volume
|b nc
|2 rdacarrier
|
| 490 |
0 |
|
|a History workshop series
|
| 500 |
|
|
|a Spine title: Socialism & the intelligentsia, 1880-1914.
|
| 504 |
|
|
|a Includes bibliographies and index.
|
| 505 |
0 |
|
|a Introduction : historical and theoretical themes / Carl Levy -- Sydney and Beatrice Webb / Royden Harrison -- Max Weber and German social democracy / Wolfgang J. Mommsen -- Reformism and the "bourgeoisification" of the labour movement / David Beetham -- Education and self-education : staffing the early ILP / Carl Levy -- Socialism and the educated working class / Jonathan Rée -- Notes on three socialisms : collectivism, statism, and associationism / Stephen Yeo -- Historiography and the new class / Carl Levy.
|
| 650 |
|
0 |
|a Socialism
|z Europe
|x History.
|
| 650 |
|
0 |
|a Middle class
|z Europe
|x History.
|
| 650 |
|
0 |
|a Education
|x Social aspects
|z Europe
|x History.
|
| 650 |
|
0 |
|a Class consciousness
|z Europe
|x History.
|
| 700 |
1 |
|
|a Levy, Carl,
|d 1951-
|
| 740 |
0 |
|
|a Socialism & the intelligentsia, 1880-1914.
|
| 999 |
|
|
|a MARS
|
| 999 |
f |
f |
|s 4bd9ef71-c9a8-3bb4-a67f-8ef37c5cba10
|i 5d9c2c1e-47a6-37f7-8ea4-de43cbdd6c99
|t 0
|
| 952 |
f |
f |
|p ric
|a Texas A&M University
|b Rellis Campus
|c Joint Library Facility
|d Remote Storage
|t 0
|e HX238 .S6 1987
|h Library of Congress classification
|i unmediated -- volume
|m A14811087842
|
| 998 |
f |
f |
|a HX238 .S6 1987
|t 0
|l Remote Storage
|